000
00291nam a2200109Ia 4500
008
200302s9999 xx 000 0 und d
100
_a
Rosa Maria Falvo ed.
245
_a
Christopher bnninger architecture for modern India
260
_b
India house art Gallery
260
_c
2015
300
_a
383
999
_c
6596
_d
6596